8. letná škola mikroelektroniky Dni novej techniky

Bibliographic Details
Corporate Author: Letná škola mikroelektroniky (Author)
Format: Conference Proceeding Book
Language:Slovak
Czech
Published: Bratislava Dom techniky ČSVTS 1984
Subjects:

MARC

LEADER 00000cam a2200000 a 4500
001 vtls001120186
003 SK-MaSNL
005 20260301111559.0
008 250313s1984 xo a 00000 slo
035 |a SNK000063029 
035 |a urn:nbn:sk:snk-amydke 
035 |a urn:nbn:sk:snk-am00ch1y 
035 |a 36A60D21-828C-4D2C-B295-7AAC44E17BB4 
040 |a SNK  |b slo  |c SNK  |e AACR2 
041 0 |a slo  |a cze 
044 |a xo  |c SK 
080 |a 621.37/.39.049.77(082)  |2 1981 
111 1 |a Letná škola mikroelektroniky  |n 8.  |d 1984  |4 aut  |9 451043 
245 1 0 |a 8. letná škola mikroelektroniky  |b Dni novej techniky  |c [autor kolektív] 
260 |a Bratislava  |b Dom techniky ČSVTS  |c 1984 
300 |a 98 s.  |c 20 cm 
366 |e 220 výtl. 
500 |a Čiast. text čes. 
650 0 7 |a mikroelektronika  |2 SNKPH  |9 30923 
655 7 |a zborníky  |2 SNKPH  |9 70165 
852 |a Slovenská národná knižnica 
958 |a OND 
999 |c 707521  |d 709451 
952 |a SNK  |b SNK  |y PREZ  |7 0  |p 17A1024382  |o snkSD 56257  |i snkKSP 8609/84  |0 0  |1 0  |4 0  |d 2001-05-09  |f 1  |l 0  |r 2004-12-31 00:00:00  |w 2026-02-23 
952 |a SNK  |b SNK  |y VYP  |7 0  |p 17A0300251  |o snkSD 56257 D1  |i snkD 574/2001  |8 1  |0 0  |1 0  |4 0  |d 2001-05-09  |l 0  |r 2004-12-31 00:00:00  |w 2026-02-23